Electronic devices and circuits / (Record no. 179139)
[ view plain ]
| 000 -LEADER | |
|---|---|
| fixed length control field | 01345 a2200217 4500 |
| 003 - CONTROL NUMBER IDENTIFIER | |
| control field | Nust |
| 005 - DATE AND TIME OF LATEST TRANSACTION | |
| control field | 20221125122717.0 |
| 010 ## - LIBRARY OF CONGRESS CONTROL NUMBER | |
| LC control number | 96028816 |
| 020 ## - INTERNATIONAL STANDARD BOOK NUMBER | |
| International Standard Book Number | 0133937607 |
| 040 ## - CATALOGING SOURCE | |
| Transcribing agency | Nust |
| 082 00 - DEWEY DECIMAL CLASSIFICATION NUMBER | |
| Classification number | 621.3815,BOG |
| 100 1# - MAIN ENTRY--PERSONAL NAME | |
| Personal name | Bogart, Theodore F. |
| 9 (RLIN) | 83343 |
| 245 10 - TITLE STATEMENT | |
| Title | Electronic devices and circuits / |
| Statement of responsibility, etc. | Theodore F. Bogart, Jr. |
| 250 ## - EDITION STATEMENT | |
| Edition statement | 4th ed. |
| 260 ## - PUBLICATION, DISTRIBUTION, ETC. | |
| Place of publication, distribution, etc. | Upper Saddle, N.J. : |
| Name of publisher, distributor, etc. | Prentice Hall, |
| Date of publication, distribution, etc. | 1997. |
| 300 ## - PHYSICAL DESCRIPTION | |
| Extent | xv, 1001 p. : |
| Other physical details | ill. ; |
| Dimensions | 24 cm. |
| 505 ## - FORMATTED CONTENTS NOTE | |
| Formatted contents note | Introduction (Page-1), The pn Junction (Page-6), The Diode as a Circuit Element (Page-33), Bipolar Junction Transistors (Page-80), Field Effect Transistors (Page-137), Amplifier Fundamentals (Page-177), Small-Signal Transistor Amplifiers (Page-198), Ideal Operational Amplifier Circuits and analysis (Page-276), Frequency Response (Page-302), Operational Amplifier Theory and Performance (Page-366), Advanced Operational Amplifier Applications (Page-418), Wave Generation and Shaping (Page-470), Regulated and Switching Power Supplies (Page-512), Digital-to-Analog and Analog-to-Digital Converters (Page-544), Special Electronic Devices (Page-576), Transistor Analog Circuits Building Blocks (Page-692), Introduction to Digital VLSI Design (Page-754). |
| 650 #0 - SUBJECT ADDED ENTRY--TOPICAL TERM | |
| Topical term or geographic name entry element | Electronic apparatus and appliances. |
| 9 (RLIN) | 10193 |
| 650 #0 - SUBJECT ADDED ENTRY--TOPICAL TERM | |
| Topical term or geographic name entry element | Electronic circuits. |
| 942 ## - ADDED ENTRY ELEMENTS (KOHA) | |
| Source of classification or shelving scheme | |
| Koha item type | Book |
| Withdrawn status | Lost status | Source of classification or shelving scheme | Damaged status | Not for loan | Permanent Location | Current Location | Shelving location | Date acquired | Full call number | Barcode | Date last seen | Price effective from | Koha item type | Public note | Total Checkouts |
|---|---|---|---|---|---|---|---|---|---|---|---|---|---|---|---|
| Military College of Signals (MCS) | Military College of Signals (MCS) | General Stacks | 12/12/2016 | 621.3815,BOG | MCS27463 | 12/08/2016 | 12/12/2016 | Book | Almirah No.32, Shelf No.5 | ||||||
| Military College of Signals (MCS) | Military College of Signals (MCS) | General Stacks | 11/25/2022 | 621.3815,BOG | MCS36277 | 11/25/2022 | 11/25/2022 | Book | Almirah No.32, Shelf No.5 |
